00375 2200145 4500001002100000005001500021035002000036245007400056100002100130300001200151260003200163082000800195084001400203990001200217INLIS00000000000165520250429085013 a0010-04250000711 aMemetik Hikmah Dari Kisah Teladan 25 Nabi & Rasul /cBurhan Rahimsyah0 aBurhan Rahimsyah a128 hlm aJombang :bLintas Media,c- a297 a297 BUR m a0754683